000
00316nam a22001337a 4500
082
_a
894.812.3
100
_a
KRISHNA PISHARADI N
245
_a
PANCHATHTHANTHRAM KATHAKAL
250
_a
16
260
_a
THRISSUR
_b
H& C PUBLISHING HOUSE
_c
2003
300
_a
122
650
_a
MALAYALAM SHORT STORY
_z
KERALA
942
_c
BK
999
_c
1285
_d
1285